01659nam a2200385 a 4500001001200000003000800012006001900020007001500039008004100054010001700095015001900112016001800131020003100149020002800180040002100208035002100229043001200250050002300262082001700285100002800302245013600330260005800466300003200524504006600556533015200622650007400774650006100848650006100909650004600970650006601016655002901082710001701111856012601128999001901254ebr10197120CaPaEBRm u cr cn|||||||||070413s2007 enkag sb 001 0 eng  z 2007015702 aGBA7282042bnb7 z0137152992Uk z9780199208968 (alk. paper) z0199208964 (alk. paper) aCaPaEBRcCaPaEBR a(OCoLC)181734443 ae-uk---14aPR461b.D34 2007eb04a820.90082221 aDames, Nicholas,d1970-14aThe physiology of the novelh[electronic resource] :breading, neural science, and the form of Victorian fiction /cNicholas Dames. aOxford ;aNew York :bOxford University Press,c2007. avii, 277 p. :bill., music. aIncludes bibliographical references (p. [256]-272) and index. aElectronic reproduction.bPalo Alto, Calif. :cebrary,d2013.nAvailable via World Wide Web.nAccess may be limited to ebrary affiliated libraries. 0aEnglish literaturey19th centuryxHistory and criticismxTheory, etc. 0aEnglish literaturey19th centuryxHistory and criticism. 0aBooks and readingzGreat BritainxHistoryy19th century. 0aReader-response criticismzGreat Britain. 0aLiterature and societyzGreat BritainxHistoryy19th century. 7aElectronic books.2local2 aebrary, Inc.40uhttp://site.ebrary.com/lib/rucke/Doc?id=10197120zAn electronic book accessible through the World Wide Web; click to view c218463d218463